000
00270nam a2200109Ia 4500
008
220216s9999 xx 000 0 und d
100
_a
Venugopal P.
245
0
_a
Climate change can diminish rubber output
260
_b
Rubber Asia
_c
2010
300
_a
59-60
942
_c
JS
999
_c
55653
_d
55653